Sports Quiz

Random Sports Quiz

2011 Masters Missed the Cut Quiz Stats

 Plays Quiz not verified by Sporcle

Also try: MLB Mascot Blitz
Challenge
Share
Tweet
Embed
Score 0/50 Timer 07:00
0 Plays Today
Score Player % Correct
+2Zach Johnson
67.9%
+7Tom Watson
67.9%
+10Vijay Singh
64.3%
+5Padraig Harrington
57.1%
+6Martin Kaymer
57.1%
+13Henrik Stenson
57.1%
+2Hunter Mahan
53.6%
+2Anthony Kim
50%
+4Lion Kim
50%
+6Jose Maria Olazabal
50%
+11Ian Woosnam
50%
+3Graeme McDowell
46.4%
+4Retief Goosen
46.4%
+9Sandy Lyle
46.4%
+6Mark O'Meara
42.9%
+11Ben Crenshaw
42.9%
+11Mike Weir
42.9%
+7Craig Stadler
39.3%
+8Davis Love III
39.3%
+2Stewart Cink
35.7%
+3Stuart Appleby
35.7%
+4Peter Hanson
35.7%
+2Robert Allenby
32.1%
+5Anders Hansen
32.1%
+5Peter Uihlein
32.1%
Score Player % Correct
+2Francesco Molinari
28.6%
+8Nathan Smith
28.6%
+2Tim Clark
25%
+4Ben Crane
25%
+2Lucas Glover
21.4%
+2Sean O'Hair
21.4%
+3Mark Wilson
21.4%
+4Jhonattan Vegas
21.4%
+5Gregory Havret
21.4%
+5Louis Oosthuizen
21.4%
+6Larry Mize
21.4%
+6Rory Sabbatini
17.9%
+7Jonathan Byrd
17.9%
+4Yuta Ikeda
14.3%
+3Kevin Na
10.7%
+4Jason Bohn
10.7%
+4David Chung
10.7%
+4D.A. Points
10.7%
+4Heath Slocum
10.7%
+7Arjun Atwal
10.7%
+3Jerry Kelly
7.1%
+4Carl Pettersson
7.1%
+5Hiroyuki Fujita
7.1%
+5Kevin Streelman
7.1%
+6Jin Jeong
3.6%

You're not logged in!

Compare scores with friends on all Sporcle quizzes.
OR
Log In

You Might Also Like...

Show Comments

Extras

Created Apr 12, 2011ReportNominate
Tags:2011, cut, master, missed, player, score

Top Quizzes Today


Score Distribution

Your Account Isn't Verified!

In order to create a playlist on Sporcle, you need to verify the email address you used during registration. Go to your Sporcle Settings to finish the process.

Report this User

Report this user for behavior that violates our Community Guidelines.

Details: